| 000 -LEADER |
| fixed length control field |
00400nam a22001337a 4500 |
| 082 ## - DEWEY DECIMAL CLASSIFICATION NUMBER |
| Classification number |
OA565x54 K861/v.2 |
| 100 ## - MAIN ENTRY--PERSONAL NAME |
| Personal name |
Kramrisch, Stella |
| 9 (RLIN) |
17661 |
| 245 ## - TITLE STATEMENT |
| Title |
The Hindu Temple, vol.II |
| Statement of responsibility, etc |
by Stella Kramrisch |
| 260 ## - PUBLICATION, DISTRIBUTION, ETC. (IMPRINT) |
| Place of publication, distribution, etc |
New Delhi |
| Name of publisher, distributor, etc |
Manoharlal Banarasidass |
| Date of publication, distribution, etc |
1946 |
| 300 ## - PHYSICAL DESCRIPTION |
| Extent |
171+p. |
| 650 ## - SUBJECT ADDED ENTRY--TOPICAL TERM |
| Topical term or geographic name as entry element |
Temples - India |
| 9 (RLIN) |
17662 |
| 650 ## - SUBJECT ADDED ENTRY--TOPICAL TERM |
| Topical term or geographic name as entry element |
Temples, Hindu - India |
| 9 (RLIN) |
17663 |
| 650 ## - SUBJECT ADDED ENTRY--TOPICAL TERM |
| Topical term or geographic name as entry element |
Sculpture - India |
| 9 (RLIN) |
17664 |